000 00306nam a22001337a 4500
008 180119b xxu||||| |||| 00| 0 eng d
020 _a9780198557555
041 _aeng
080 _a54
100 _a12
101 _aKIM
245 _aIntroduction to organic spectroscopy
_cHarwood,L.M
942 _2udc
_cBK
999 _c40521
_d40521